| 000 | 00983nam a2200325 i 4500 | ||
|---|---|---|---|
| 003 | EG-GICUC | ||
| 005 | 20260212163840.0 | ||
| 008 | 260212s1987 fr ||||fr ||| 000 0 fre d | ||
| 020 | _a2-7076-0364-3 | ||
| 040 |
_aEG-GICUC _bfre _cEG-GICUC _dEG-GICUC _erda |
||
| 041 | _afre | ||
| 082 | 0 | 4 |
_221 _a341.8 _bMA . D |
| 092 | 0 | 4 | _221 |
| 099 | _aLaw1 12 341.8 MA . D 3 ed - 1987 | ||
| 100 | 1 |
_aMayer, Pierre _eAuteur |
|
| 245 | 1 | 0 |
_aDroit International Privé / _cPierre Mayer . |
| 250 | _a3 Édition | ||
| 264 | 1 |
_aParis : _bMontchrestien, _c1987. |
|
| 300 |
_a653 Pages; _c30 cm. _billustration ; |
||
| 336 |
_atext _2rda content |
||
| 337 |
_aComputer _2rda media |
||
| 338 |
_aOnline Resource _2rda carrier |
||
| 504 | _aBibliography: pages 200-250. 240-220 | ||
| 546 | _aTexte en français | ||
| 650 | 0 | 4 |
_aDroit International Privé _2qrmak |
| 651 | 1 | _2qrmak | |
| 856 | _uhttps://fll.law.cu.edu.eg/fulltext/th/B12-02568.pdf | ||
| 905 | _a79 | ||
| 942 |
_2ddc _cBK _e21 _n0 |
||
| 999 |
_c62876 _d62876 |
||